Structures under shock and impact XI / (رقم التسجيلة. 22176)

تفاصيل مارك
000 -الفاتح
حقل البيانات ثابتة الطول 04735cam a22004097a 4500
001 - رقم الضبط
رقم الضبط 16889389
003 - محدد رقم الضبط
رقم الضبط OSt
005 - وقت وتاريخ اخر تعامل مع التسجيلة
رقم الضبط 20150408114023.0
008 - عناصر البيانات ثابتة الطول - معلومات عامة
حقل البيانات ثابتة الطول 110726s2010 enka b 101 0 eng d
010 ## - رقم ضبط مكتبة الكونجرس
رقم ضبط مكتبة الكونجرس 2011411484
015 ## - رقم الببليوجرافية الوطنية
رقم الببليوجرافية الوطنية GBB040188
المصدر bnb
016 7# - رقم ضبط الوكاله الوطنية للضبط الببليوجرافي
رقم ضبط التسجيلة 015511665
المصدر Uk
020 ## - الرقم الدولى المعيارى للكتب
الرقم الدولى المعيارى للكتاب 9781845644666 (hbk.)
020 ## - الرقم الدولى المعيارى للكتب
الرقم الدولى المعيارى للكتاب 1845644662 (hbk.)
035 ## - رقم ضبط النظام
رقم ضبط النظام (OCoLC)ocn456170968
040 ## - مصدر الفهرسة
وكالة الفهرسة الأصلية UKM
وكالة النسخ UKM
وكالة التعديل BTCTA
-- BWK
-- BWX
-- CDX
-- JCR
-- UNA
-- DLC
042 ## - رمز التحقق
رمز التحقق ukblsr
-- lccopycat
050 00 - رقم طلب مكتبة الكونجرس
رقم التصنيف TA654.7
رقم المادة .I58 2010
082 04 - رقم تصنيف ديوى العشرى
رقم التصنيف 624.176
رقم الطبعة 22
111 2# - المدخل الرئيسى - اسم مؤتمر
اسم المؤتمر أو اسم السلطة كمدخل International Conference on Structures Under Shock and Impact
رقم جزء/قسم/الاجتماع (11th :
تاريخ الاجتماع 2010 :
موقع المؤتمر Tallinn, Estonia)
9 (RLIN) 12002
245 10 - بيان العنوان
العنوان Structures under shock and impact XI /
بيان المسئوليه,etc editors, N. Jones, C.A. Brebbia, U. Mander.
260 ## - PUBLICATION, DISTRIBUTION, ETC. (IMPRINT)
مكان الناشر او الموزع Southampton ;
-- Boston :
اسم الناشر او الموزع WIT,
تاريخ النشر أو التوزيع c2010.
300 ## - الوصف المادى
التعداد 336 p. :
تفاصيل ماديه اخرى للوعاء ill. ;
أبعاد الوعاء 24 cm.
490 1# - بيان السلسلة
عنوان السلسلة WIT transactions on the built environment,
الرقم الدولى المعيارى للدوريات 1746-4498 ;
رقم المجلد/ التعيين التسلسلي v. 113
504 ## - تبصرة ببليوجرافية
تبصرة ببليوجرافية,الخ Includes bibliographical references and index.
505 0# - تبصرة محتويات-الفهرس
تبصرة المحتويات المصاغة Composite crash absorber for aircraft fuselage applications / S. Heimbs ... [et al.] -- An experimental comparison of half-scale rockfall protection sandwich structures / A. Heymann ... [et al.] -- Damage simulation for the disaster merit of light substances / P. Brož -- Comparative analysis of bus rollover protection under existing standards / C.C. Liang & L.G. Nam -- Damage detection of strengthened RC frame model with FRP sheets under lateral loads / A. Vimuttasoongviriya, N. Kwatra & M. Kumar -- Impact loading of ductile rectangular plates / N. Jones -- Numerical determination of reflected blast pressure distribution on round columns / Y. Qasrawi, P.J. Heffernan & A. Fam -- Simplified evaluation of a building impacted by a terrorist explosion / D. Makovička & D. Makovička Jr. -- A comparison of hydrodynamic and analytic predicted blast pressure profiles / G.M. Stunzenas & E.L. Baker -- Transient response of a laminated sandwich plate with viscoelastic core subjected to air blast : theory and experiment / D. Balkan ... [et al.] -- Laboratory scale tests for internal blast loading / S. Kevorkian, N. Duriez & O. Loiseau -- An arbitrary Lagrangian Eulerian (ALE) based numerical method for the computation of gas-particle two phase flow / S. Zhang ... [et al.] -- Theory and calibration of JWL and JWLB thermodynamic equations of state / E.L. Baker ... [et al.] -- A study on the comparison of dynamic behaviour of high speed railway bridges / S.I. Kim, H.M. Kim & I.H. Yeo -- Modelling the response of UHPFRC panels to explosive loading / G.K. Schleyer ... [et al.] -- Structural retrofit of glazing systems with polymer materials for blast resistance / K. Marchand ... [et al.] -- Comparison of traditional and Herculite® XP glazing subject to blast loads / C. Davis ... [et al.] -- Shock tube experiments and Fe-simulation of the structural and material non-linear transient response of plates subjected to blast loading / R. Schmidt, M. Stoffel & T.D. Vu -- Finite element modelling of cable median barriers under vehicular impacts / J. Bi, H. Fang & D.C. Weggel -- Real size experiments of a car crash against a building column / B. Ferrer ... [et al.] -- Simulating seismically isolated buildings under earthquake-induced pounding incidences / P.C. Polycarpou & P. Komodromos -- Dynamic fluid-structure-soil interaction : applications in earthquake engineering / A. Dimas ... [et al.] -- Advanced analysis of a space structure retrofit for an ash-tank / A. Ivan, M. Ivan & I. Both -- Nonlinear seismic behaviour of experimentally identified stiffness and damping characteristics of cold formed steel infill frames / N. Bourahla, B. El-Djouzi & N. Allal -- Comparison of seismic performance of strengthened historical masonry buildings under different structural designs / O. Isler & V. Oztas -- Scaling of the modal response of a simply-supported rectangular plate / R.D. Hampton, T.H. Li & L.K. Byers -- Dynamic behaviour of a steel plate girder railroad bridge with rail joints / H.M. Kim, S.I. Kim & W.S. Hwang -- Numerical simulation son adiabatic shear behaviour of 921A steel pure shear hat-shaped specimens / J.C. Li, X.W. Chen & G. Chen.
650 #0 - المدخل الاضافى بالموضوع-مصطلح موضوعى
مصطلح موضوعي أو اسم جغرافي كعنصر مدخل Structural design
التقسيم الفرعي الشكلي Congresses.
9 (RLIN) 12003
650 #0 - المدخل الاضافى بالموضوع-مصطلح موضوعى
مصطلح موضوعي أو اسم جغرافي كعنصر مدخل Impact
التقسيم الفرعي الشكلي Congresses.
9 (RLIN) 12004
650 #0 - المدخل الاضافى بالموضوع-مصطلح موضوعى
مصطلح موضوعي أو اسم جغرافي كعنصر مدخل Shock (Mechanics)
التقسيم الفرعي الشكلي Congresses.
9 (RLIN) 12005
700 1# - المدخل الاضافى - اسم شخصى
الإسم الشخصى Jones, Norman,
التواريخ المصاحبة للاسم 1938-
9 (RLIN) 12006
700 1# - المدخل الاضافى - اسم شخصى
الإسم الشخصى Brebbia, C. A.
9 (RLIN) 11979
700 1# - المدخل الاضافى - اسم شخصى
الإسم الشخصى Mander, Ü
الشكل الأكمل للاسم (Ülo)
9 (RLIN) 11986
830 #0 - المدخل الاضافى بالسلسلة -عنوان موحد
عنوان موحد WIT transactions on the built environment ;
رقم المجلد/ التعيين التسلسلي v. 113.
9 (RLIN) 12007
856 41 - الوصول و الموقع الالكترونى
مواد محددة Table of contents only
معرف المصدر الموحد <a href="http://www.loc.gov/catdir/toc/fy11pdf04/2011411484.html">http://www.loc.gov/catdir/toc/fy11pdf04/2011411484.html</a>
942 ## - عناصر المدخل الإضافي( كوها)
مصدر التصنيف او مخطط الترفيف Dewey Decimal Classification
Koha [default] item type كتاب
المقتنيات
حالة الفقد نموذج السعر الفعال حالة تلف ليس للاعارة رقم الطلب تاريخ الاكتساب الموقع الحالي الباركود الفرع الرئيسي Date last seen نوع المادة فى نظام كوها مصدر التصنيف او خطة الترفيف Total Checkouts
  2013-03-10     624.176 S T U 2012-04-27 المكتبة المركزية بالمجمعة (CL) 00085994 المكتبة المركزية بالمجمعة (CL) 2013-03-10 كتاب Dewey Decimal Classification  
  2013-03-10     624.176 S T U 2012-04-27 المكتبة المركزية بالمجمعة (CL) 00085995 المكتبة المركزية بالمجمعة (CL) 2013-03-10 كتاب Dewey Decimal Classification  
  2013-03-10     624.176 S T U 2012-04-27 المكتبة المركزية بالمجمعة (CL) 00085996 المكتبة المركزية بالمجمعة (CL) 2013-03-10 كتاب Dewey Decimal Classification